Indicatifs téléphoniques du monde entier - Devine le pays (Aléatoire) - Statistiques

Statistiques générales
  • Ce quiz a été pris 7 fois
  • Le résultat moyen est 5 sur 25
Statistiques - réponses
Indicatif Téléphonique Réponse % Correct
+93 Afghanistan
100%
+32 Belgique
100%
+855 Cambodge
100%
+372 Estonie
100%
+1340 Îles Vierges des États-Unis
100%
+91 Inde
100%
+39 Italie
100%
+44 Jersey / Guernesey
100%
+223 Mali
100%
+51 Pérou
100%
+7 Russie (et actuellement Kazakhstan)
100%
+46 Suède
100%
+963 Syrie
100%
+216 Tunisie
100%
+380 Ukraine
100%
+44 Royaume-Uni
50%
+386 Slovénie
50%
+66 Thaïlande
50%
+81 Japon
33%
+27 Afrique du Sud
0%
+355 Albanie
0%
+213 Algérie
0%
+37 (inutilisé aujourd'hui) Allemagne de l'Est
0%
+49 Allemagne (de l'Ouest anciennement)
0%
+376 Andorre
0%
+244 Angola
0%
+1264 Anguilla
0%
+1268 Antigua-et-Barbuda
0%
+966 Arabie Saoudite
0%
+54 Argentine
0%
+374 Arménie
0%
+297 Aruba
0%
+247 Ascension
0%
+61 Australie / Île Christmas / Îles Cocos/Keeling
0%
+43 Autriche
0%
+994 Azerbaïdjan
0%
+1242 Bahamas
0%
+973 Bahreïn
0%
+880 Bangladesh
0%
+1246 Barbade
0%
+501 Bélize
0%
+229 Bénin
0%
+1441 Bermudes
0%
+975 Bhoutan
0%
+375 Biélorussie
0%
+95 Birmanie
0%
+591 Bolivie
0%
+387 Bosnie-Herzégovine
0%
+267 Botswana
0%
+55 Brésil
0%
+673 Brunei
0%
+359 Bulgarie
0%
+226 Burkina Faso
0%
+257 Burundi
0%
+237 Cameroun
0%
+1 Canada
0%
+238 Cap-Vert
0%
+56 Chili
0%
+86 Chine
0%
+357 Chypre
0%
+90 392 Chypre du Nord
0%
+57 Colombie
0%
+269 Comores
0%
+850 Corée du Nord
0%
+82 Corée du Sud
0%
+506 Costa Rica
0%
+225 Côte d'Ivoire
0%
+385 Croatie
0%
+53 Cuba
0%
+599 Curaçao / Pays-Bas Caribéens
0%
+45 Danemark
0%
+253 Djibouti
0%
+1767 Dominique
0%
+20 Égypte
0%
+503 El Salvador
0%
+971 Émirats Arabes Unis
0%
+593 Équateur
0%
+291 Érythrée
0%
+34 Espagne
0%
+691 États fédérés de Micronésie
0%
+1 États-Unis
0%
+251 Éthiopie
0%
+679 Fidji
0%
+358 Finlande
0%
+33 France
0%
+241 Gabon
0%
+220 Gambie
0%
+995 Géorgie
0%
+233 Ghana
0%
+350 Gibraltar
0%
+30 Grèce
0%
+1473 Grenade
0%
+299 Groenland
0%
+590 Guadeloupe / Saint-Barthélémy / Saint-Martin
0%
+1671 Guam
0%
+671 (inutilisé aujourd'hui) Guam
0%
+502 Guatemala
0%
+224 Guinée
0%
+245 Guinée-Bissau
0%
+240 Guinée Équatoriale
0%
+592 Guyana
0%
+594 Guyane française
0%
+509 Haïti
0%
+504 Honduras
0%
+852 Hong-Kong
0%
+36 Hongrie
0%
+1345 Îles Caïmans
0%
+682 Îles Cook
0%
+298 Îles Féroé
0%
+500 Îles Malouines
0%
+1670 Îles Mariannes du Nord
0%
+692 Îles Marshall
0%
+677 Îles Salomon
0%
+1649 Îles Turques-et-Caïques
0%
+1284 Îles Vierges Britanniques
0%
+62 Indonésie
0%
+964 Irak
0%
+98 Iran
0%
+353 Irlande
0%
+354 Islande
0%
+972 Israël
0%
+1658 / +1876 Jamaïque
0%
+962 Jordanie
0%
+997 Kazakhstan (indicatif prévu)
0%
+254 Kenya
0%
+996 Kirghizistan
0%
+686 Kiribati
0%
+383 Kosovo
0%
+965 Koweït
0%
+856 Laos
0%
+262 La Réunion / Mayotte / TAAF / Îles Kerguelen
0%
+266 Lesotho
0%
+371 Lettonie
0%
+961 Liban
0%
+231 Libéria
0%
+218 Libye
0%
+423 Liechtenstein
0%
+370 Lituanie
0%
+352 Luxembourg
0%
+853 Macao
0%
+389 Macédoine du Nord
0%
+261 Madagascar
0%
+60 Malaisie
0%
+265 Malawi
0%
+960 Maldives
0%
+356 Malte
0%
+212 Maroc
0%
+596 Martinique
0%
+230 Maurice
0%
+222 Mauritanie
0%
+52 Mexique
0%
+373 Moldavie / Transnistrie
0%
+377 Monaco
0%
+976 Mongolie
0%
+382 Monténégro
0%
+1664 Montserrat
0%
+258 Mozambique
0%
+264 Namibie
0%
+674 Nauru
0%
+977 Népal
0%
+505 Nicaragua
0%
+227 Niger
0%
+234 Nigéria
0%
+683 Niue
0%
+47 Norvège
0%
+687 Nouvelle Calédonie
0%
+64 Nouvelle-Zélande / Îles Pitcairn
0%
+968 Oman
0%
+256 Ouganda
0%
+998 Ouzbékistan
0%
+92 Pakistan
0%
+680 Palaos
0%
+970 Palestine
0%
+507 Panama
0%
+675 Papouasie-Nouvelle-Guinée
0%
+595 Paraguay
0%
+31 Pays-Bas
0%
+63 Philippines
0%
+48 Pologne
0%
+689 Polynésie française
0%
+1787 / +1939 Porto Rico
0%
+351 Portugal
0%
+974 Qatar
0%
+236 République Centrafricaine
0%
+243 République Démocratique du Congo
0%
+1809/29/49 République Dominicaine
0%
+242 République du Congo
0%
+40 Roumanie
0%
+250 Rwanda
0%
+1869 Saint-Christophe-et-Niévès
0%
+290 Sainte-Hélène / Tristan da Cunha
0%
+1758 Sainte-Lucie
0%
+378 Saint-Marin
0%
+1721 Saint-Martin (Sint-Maarten)
0%
+508 Saint-Pierre-et-Miquelon
0%
+1784 Saint-Vincent-et-les-Grenadines
0%
+685 Samoa
0%
+1684 Samoa Américaines
0%
+684 (inutilisé aujourd'hui) Samoa Américaines
0%
+239 Sao Tomé et Principe
0%
+221 Sénégal
0%
+381 Serbie
0%
+248 Seychelles
0%
+232 Sierra Leone
0%
+65 Singapour
0%
+421 Slovaquie
0%
+252 Somalie
0%
+249 Soudan
0%
+211 Soudan du Sud
0%
+94 Sri Lanka
0%
+41 Suisse
0%
+597 Suriname
0%
+268 Swaziland
0%
+992 Tadjikistan
0%
+886 Taïwan
0%
+255 Tanzanie
0%
+235 Tchad
0%
+42 (inutilisé aujourd'hui) Tchécoslovaquie
0%
+420 Tchéquie
0%
+246 Territoire Britannique de l'Océan Indien
0%
+672 Territoires extérieurs australiens / Territoire Antarctique Australien
0%
+670 Timor Oriental (anciennement Îles Mariannes du Nord)
0%
+228 Togo
0%
+690 Tokelau
0%
+676 Tonga
0%
+1868 Trinité-et-Tobago
0%
+993 Turkménistan
0%
+90 Turquie
0%
+688 Tuvalu
0%
+598 Uruguay
0%
+678 Vanuatu
0%
+379 Vatican
0%
+58 Vénézuéla
0%
+84 Vietnam
0%
+681 Wallis-et-Futuna
0%
+967 Yémen
0%
+969 (inutilisé aujourd'hui) Yémen du Sud
0%
+38 (inutilisé aujourd'hui) Yougoslavie
0%
+260 Zambie
0%
+259 (inutilisé aujourd'hui) Zanzibar
0%
+263 Zimbabwe
0%
Aucun quiz correspondant
Distribution des résultats
% des personnes avec chaque résultat
Percentile par nombre de réponses
Votre historique - résultats
Vous n’avez pas pris ce quiz